[Event "DVM U14 2012"]
[Site "Magdeburg GER"]
[Date "2012.12.29"]
[Round "6"]
[White "Sawlin, Leonid"]
[Black "Flüchter, Gregor"]
[Result "0-1"]
[Termination "normal"]
[Board "1.1"]
[WhiteElo "1969"]
[BlackElo "2007"]
[WhiteTeam "TuS Makkabi Berlin"]
[BlackTeam "Schachfreunde Brackel 1930"]
[WhiteFideId "4689542"]
[BlackFideId "12903396"]
[EventCountry "GER"]
[EventRounds "7"]
[EventType "team-swiss"]
[EventDate "2012.12.26"]

1. e4 c5 2. Nf3 d6 3. d4 cxd4 4. Nxd4 Nf6 5. Nc3 a6 6. Be3 e5 7. Nf3 Qc7 8. a4
Be7 9. a5 O-O 10. Be2 Nc6 11. Bb6 Qd7 12. O-O Bd8 13. Bxd8 Qxd8 14. Qd3 Bg4 15.
Rfd1 Ne8 16. Nd5 Nxa5 17. Nb4 Qb6 18. Nd5 Qd8 19. b4 Nc6 20. c3 Ne7 21. Ne3
Bxf3 22. Bxf3 Rc8 23. Ra5 Qc7 24. Bg4 Rb8 25. Bf3 Rc8 26. Ra3 Rd8 27. Ng4 d5
28. Qd2 Nd6 29. Nxe5 Nb5 30. Rb3 dxe4 31. Nd7 exf3 32. c4 Qxc4 33. Rxf3 Nc6 34.
Rg3 f6 35. Rd3 Rfe8 36. h3 Nbd4 37. Nb6 Qb5 38. Qa2+ Kh8 39. Nc4 Nxb4 40. Rxd4
Rxd4 0-1

[Event "DVM U14 2012"]
[Site "Magdeburg GER"]
[Date "2012.12.29"]
[Round "6"]
[White "Birnkraut, Tim"]
[Black "Schmidek, Emil"]
[Result "0-1"]
[Termination "normal"]
[Board "1.2"]
[WhiteElo "1768"]
[BlackElo "1882"]
[WhiteTeam "Schachfreunde Brackel 1930"]
[BlackTeam "TuS Makkabi Berlin"]
[WhiteFideId "24609587"]
[BlackFideId "12908150"]
[EventCountry "GER"]
[EventRounds "7"]
[EventType "team-swiss"]
[EventDate "2012.12.26"]

1. e4 e5 2. Nf3 Nc6 3. Bc4 Nf6 4. Ng5 d5 5. exd5 Na5 6. Bb5+ c6 7. dxc6 bxc6 8.
Qf3 Rb8 9. Bd3 h6 10. Ne4 Be7 11. b3 O-O 12. Bb2 Nxe4 13. Qxe4 f5 14. Qe2 e4
15. Bc4+ Kh7 16. Nc3 Bd6 17. O-O-O Qe7 18. f3 Nxc4 19. Qxc4 exf3 20. gxf3 Rb4
21. Qd3 Rh4 22. Rde1 Qc7 23. h3 Rd8 24. Qf1 Bf4 25. Rd1 Rh5 26. Rg1 Rg5 27.
Rxg5 Bxg5 28. Qg2 Ba6 29. Kb1 Re8 30. Qf2 Qe7 31. f4 Bf6 32. d3 Qe3 33. Qxe3
Rxe3 34. Rh1 Kg6 35. Bc1 Rf3 36. Ne2 Rxd3 37. Rg1+ Kf7 38. Ng3 Rd5 39. c4 Rd3
40. Kc2 Rf3 41. Bd2 g6 42. Nf1 Bd4 43. Rh1 c5 44. Kd1 Bb7 45. Ke1 Be4 46. Rh2
Bd3 47. Rh1 Rf2 48. Ng3 Rg2 49. Nf1 Rf2 50. Ng3 Rf3 51. Nf1 Kf6 52. h4 Ke6 53.
Ba5 Rxf4 54. Bd2 Rf3 55. Bxh6 Bc3+ 56. Bd2 Bxf1 57. Bxc3 Rxc3 58. Rxf1 Rc1+ 59.
Ke2 Rxf1 60. Kxf1 Ke5 61. Kf2 Ke4 62. Ke2 f4 63. Kf2 Ke5 64. Kf3 Kf5 65. Kf2
Kg4 66. a4 a5 67. Kg2 Kf5 68. Kf3 Ke5 69. Kf2 Ke4 70. Ke2 Ke5 71. Kf3 Kf5 72.
Kf2 Kg4 73. Kg2 f3+ 74. Kf2 Kf4 75. Kf1 Ke5 76. Kf2 Ke4 77. Kf1 Kd4 78. Kf2 Kc3
79. Kxf3 Kxb3 80. Kf4 Kxa4 0-1

[Event "DVM U14 2012"]
[Site "Magdeburg GER"]
[Date "2012.12.29"]
[Round "6"]
[White "Hübner, Alan-Ari"]
[Black "Wastian, Jan"]
[Result "1/2-1/2"]
[Termination "normal"]
[Board "1.3"]
[WhiteElo "1789"]
[BlackElo "1616"]
[WhiteTeam "TuS Makkabi Berlin"]
[BlackTeam "Schachfreunde Brackel 1930"]
[WhiteFideId "12903965"]
[BlackFideId "12911640"]
[EventCountry "GER"]
[EventRounds "7"]
[EventType "team-swiss"]
[EventDate "2012.12.26"]

1. d4 d5 2. c4 c6 3. Nf3 e6 4. e3 Nf6 5. Nc3 Nbd7 6. Qc2 Bd6 7. b3 O-O 8. Be2
b6 9. O-O Bb7 10. e4 dxe4 11. Nxe4 Nxe4 12. Qxe4 Nf6 13. Qc2 c5 14. Bb2 Rc8 15.
Rad1 Qe7 16. Nd2 Rfd8 17. dxc5 Bxc5 18. Bf3 Rc7 19. Bxb7 Rxb7 20. Ne4 Nxe4 21.
Qxe4 Rbd7 22. Qg4 f6 23. Rxd7 Rxd7 24. Rd1 Rxd1+ 25. Qxd1 Qd6 26. Qxd6 Bxd6 27.
g4 Kf7 28. Kg2 g6 29. h3 e5 30. Kf3 Ke6 31. Ke4 f5+ 32. gxf5+ gxf5+ 33. Kd3 a5
34. h4 Be7 35. h5 Bd6 36. f3 Bc5 37. a3 1/2-1/2

[Event "DVM U14 2012"]
[Site "Magdeburg GER"]
[Date "2012.12.29"]
[Round "6"]
[White "Hlopotov, Nikita"]
[Black "Wierzbicki, Jirawat"]
[Result "0-1"]
[Termination "normal"]
[Board "1.4"]
[WhiteElo "1314"]
[BlackElo "1669"]
[WhiteTeam "Schachfreunde Brackel 1930"]
[BlackTeam "TuS Makkabi Berlin"]
[WhiteFideId "12964794"]
[BlackFideId "1153579"]
[EventCountry "GER"]
[EventRounds "7"]
[EventType "team-swiss"]
[EventDate "2012.12.26"]

1. e4 e5 2. Nf3 Nc6 3. Bc4 Nf6 4. Ng5 d5 5. exd5 Na5 6. Bb5+ c6 7. dxc6 bxc6 8.
Qf3 Be7 9. Bd3 O-O 10. b3 h6 11. Ne4 Nd5 12. Bb2 f5 13. Bxe5 fxe4 14. Qxe4 Bf5
15. Qe2 Bxd3 16. Qxd3 Bf6 17. Bc3 Nxc3 18. Qxd8 Raxd8 19. Nxc3 Rfe8+ 0-1

[Event "DVM U14 2012"]
[Site "Magdeburg GER"]
[Date "2012.12.29"]
[Round "6"]
[White "Ridder, David"]
[Black "Altstadt, Karl-Simon"]
[Result "0-1"]
[Termination "normal"]
[Board "2.1"]
[WhiteElo "1582"]
[BlackElo "1807"]
[WhiteTeam "SG Turm Raesfeld/Erle"]
[BlackTeam "USV Volksbank Halle"]
[WhiteFideId "12964867"]
[BlackFideId "24696676"]
[EventCountry "GER"]
[EventRounds "7"]
[EventType "team-swiss"]
[EventDate "2012.12.26"]

1. e4 c5 2. Nc3 Nc6 3. Bb5 Nd4 4. Bc4 e6 5. Nge2 Nf6 6. O-O a6 7. e5 Ng4 8. f4
Qh4 9. h3 h5 10. Nxd4 cxd4 11. Ne4 b5 12. Be2 Bb7 13. Ng5 Qg3 14. Nf3 Bxf3 0-1

[Event "DVM U14 2012"]
[Site "Magdeburg GER"]
[Date "2012.12.29"]
[Round "6"]
[White "Kretzschmar, Arnd"]
[Black "Tünte, Marcel"]
[Result "1/2-1/2"]
[Termination "normal"]
[Board "2.2"]
[WhiteElo "1736"]
[BlackElo "1543"]
[WhiteTeam "USV Volksbank Halle"]
[BlackTeam "SG Turm Raesfeld/Erle"]
[WhiteFideId "12914835"]
[BlackFideId "12964875"]
[EventCountry "GER"]
[EventRounds "7"]
[EventType "team-swiss"]
[EventDate "2012.12.26"]

1. e4 e5 2. Nf3 Nc6 3. Bc4 Bc5 4. b4 Bxb4 5. c3 Ba5 6. d4 exd4 7. O-O Nge7 8.
Ng5 Ne5 9. Bb3 h6 10. f4 d5 11. fxe5 hxg5 12. Bxg5 Be6 13. cxd4 c6 14. exd5
Bxd5 15. Kh1 Qd7 16. Bxd5 Nxd5 1/2-1/2

[Event "DVM U14 2012"]
[Site "Magdeburg GER"]
[Date "2012.12.29"]
[Round "6"]
[White "Hoffmann, Fabian"]
[Black "Schulte, Felix"]
[Result "1/2-1/2"]
[Termination "normal"]
[Board "2.3"]
[WhiteElo "1633"]
[BlackElo "1779"]
[WhiteTeam "SG Turm Raesfeld/Erle"]
[BlackTeam "USV Volksbank Halle"]
[WhiteFideId "12964891"]
[BlackFideId "12914800"]
[EventCountry "GER"]
[EventRounds "7"]
[EventType "team-swiss"]
[EventDate "2012.12.26"]

1. e4 c5 2. c3 d5 3. exd5 Qxd5 4. d4 Nf6 5. Nf3 Bg4 6. Be2 e6 7. O-O Nc6 8. Be3
cxd4 9. Nxd4 Bxe2 10. Qxe2 Nxd4 11. Bxd4 Be7 12. Nd2 O-O 13. Nc4 Qe4 14. Qxe4
Nxe4 15. Rfe1 Nf6 16. Rad1 Rac8 17. b3 b6 18. Re3 Nd5 19. Rg3 Bf6 20. Bxf6 Nxf6
21. Kf1 Ne4 22. Re3 Nf6 23. Red3 Nd5 24. Rg3 Rfd8 25. Ke1 Nf4 26. Rf3 Nd5
1/2-1/2

[Event "DVM U14 2012"]
[Site "Magdeburg GER"]
[Date "2012.12.29"]
[Round "6"]
[White "Hartge, Gedeon"]
[Black "Tünte, Hendrik"]
[Result "1-0"]
[Termination "normal"]
[Board "2.4"]
[WhiteElo "1626"]
[BlackElo "1347"]
[WhiteTeam "USV Volksbank Halle"]
[BlackTeam "SG Turm Raesfeld/Erle"]
[WhiteFideId "12932116"]
[BlackFideId "12964883"]
[EventCountry "GER"]
[EventRounds "7"]
[EventType "team-swiss"]
[EventDate "2012.12.26"]

1. d4 e6 2. c4 d5 3. Nf3 Nf6 4. Bg5 Nbd7 5. Nc3 Be7 6. e3 O-O 7. Bd3 b6 8. cxd5
Nxd5 9. Nxd5 exd5 10. Bxe7 Qxe7 11. Qc2 Nf6 12. Rc1 Qb4+ 13. Qc3 c5 14. Qxb4
cxb4 15. O-O Be6 16. Rc7 Rfc8 17. Rfc1 a5 18. Ne5 g6 19. f3 Nd7 20. Rxc8+ Rxc8
21. Rxc8+ Kg7 22. Nxd7 Bxd7 23. Rb8 1-0

[Event "DVM U14 2012"]
[Site "Magdeburg GER"]
[Date "2012.12.29"]
[Round "6"]
[White "Rausch, Adrian"]
[Black "Bauer, Björn-Benny"]
[Result "0-1"]
[Termination "normal"]
[Board "3.1"]
[WhiteElo "1751"]
[BlackElo "2022"]
[WhiteTeam "SV Backnang"]
[BlackTeam "SK Gau-Algesheim"]
[WhiteFideId "12929069"]
[BlackFideId "24698741"]
[EventCountry "GER"]
[EventRounds "7"]
[EventType "team-swiss"]
[EventDate "2012.12.26"]

1. d4 Nf6 2. c4 c5 3. d5 b5 4. cxb5 a6 5. b6 d6 6. Nc3 g6 7. a4 Qxb6 8. e4 Nbd7
9. Nf3 Bg7 10. Be2 O-O 11. h3 Qb4 12. Nd2 Rb8 13. a5 Ne8 14. Ra4 Qb7 15. O-O
Qa7 16. Nc4 Nc7 17. Qc2 Nb5 18. Be3 Bb7 19. Ra2 Nxc3 20. bxc3 f5 21. f3 Bc8 22.
Raa1 f4 23. Bd2 g5 24. Rab1 Rb5 25. Qa2 Kh8 26. Qa1 h5 27. Nb6 Nxb6 28. Bxb5
axb5 29. axb6 Qxb6 30. Qa2 Bd7 31. Ra1 b4 32. Qa7 Qb5 33. Ra5 Qd3 34. Qxd7 Qxd2
35. cxb4 Qxb4 36. Ra7 Bf6 37. Qe6 Qd4+ 38. Kh2 Qb2 39. Rxe7 Bxe7 40. Qxe7 Qf6
41. Qxf6+ Rxf6 42. e5 dxe5 43. Rc1 Rd6 44. Rxc5 Kg7 45. g4 hxg4 46. hxg4 Kf6
47. Kg2 Ke7 48. Kf2 Ra6 49. Ke2 Kd6 50. Rb5 Ra3 51. Rb6+ Kxd5 52. Rg6 Ra2+ 53.
Kf1 Kd4 54. Rxg5 e4 55. fxe4 Ke3 56. Rb5 Ra1+ 57. Kg2 f3+ 58. Kg3 Rg1+ 59. Kh4
f2 60. Rf5 f1=Q 61. Rxf1 Rxf1 62. Kh5 Kxe4 63. Kh6 Kf4 64. g5 Rh1+ 65. Kg6 Rg1
0-1

[Event "DVM U14 2012"]
[Site "Magdeburg GER"]
[Date "2012.12.29"]
[Round "6"]
[White "Grieb, Lukas"]
[Black "Maier, Lukas"]
[Result "1-0"]
[Termination "normal"]
[Board "3.2"]
[WhiteElo "1599"]
[BlackElo "1693"]
[WhiteTeam "SK Gau-Algesheim"]
[BlackTeam "SV Backnang"]
[WhiteFideId "1271993"]
[BlackFideId "12946184"]
[EventCountry "GER"]
[EventRounds "7"]
[EventType "team-swiss"]
[EventDate "2012.12.26"]

1. e4 e5 2. Nf3 Nc6 3. Bc4 Bc5 4. Nc3 d6 5. d3 Bg4 6. Be3 Bb6 7. Qd2 Nf6 8.
O-O-O Nd4 9. Bxd4 Bxd4 10. h3 Bxf3 11. gxf3 c6 12. Rhg1 g6 13. f4 b5 14. Bb3
Qb6 15. Rgf1 a5 16. fxe5 dxe5 17. a4 Nd7 18. axb5 cxb5 19. Nd5 Qd6 20. f4 O-O
21. fxe5 Bxe5 22. d4 Bg7 23. e5 Qb8 24. Ne7+ Kh8 25. Qg5 Qe8 26. e6 fxe6 27.
Bxe6 Bf6 28. Nxg6+ Qxg6 29. Qxg6 hxg6 30. Bxd7 b4 31. Ba4 Kg7 32. Kb1 Rh8 33.
Rd3 Rad8 34. d5 Rh5 35. d6 Kf7 36. d7 Re5 37. Rdf3 Rf5 38. Rxf5 gxf5 39. Rxf5
Ke6 40. Rxa5 Rh8 41. Rc5 Rxh3 42. Rc6+ Kxd7 43. Rc3+ Kd6 44. Rxh3 Kc5 45. b3
Kd6 {Rest nicht nachvollziehbar} 1-0

[Event "DVM U14 2012"]
[Site "Magdeburg GER"]
[Date "2012.12.29"]
[Round "6"]
[White "Soos, Philipp"]
[Black "Erlekam, Simon"]
[Result "1-0"]
[Termination "normal"]
[Board "3.3"]
[WhiteElo "1604"]
[BlackElo "1659"]
[WhiteTeam "SV Backnang"]
[BlackTeam "SK Gau-Algesheim"]
[WhiteFideId "12943967"]
[BlackFideId "12921416"]
[EventCountry "GER"]
[EventRounds "7"]
[EventType "team-swiss"]
[EventDate "2012.12.26"]

1. e4 c5 2. Bc4 Nc6 3. Nf3 d6 4. Nc3 g6 5. d3 Bg7 6. Bd2 Nf6 7. O-O Bg4 8. h3
Bxf3 9. Qxf3 Ne5 10. Bb5+ Nfd7 11. Qg3 O-O 12. f4 Nc6 13. f5 Qc7 14. Bc4 Nde5
15. fxg6 hxg6 16. Bb3 e6 17. Ne2 a5 18. a4 Nb4 19. Bc3 c4 20. dxc4 Nxc4 21.
Bxg7 Kxg7 22. Qc3+ Kg8 23. Bxc4 d5 24. exd5 exd5 25. Bb3 Qe7 26. Rae1 Rac8 27.
Nd4 Qh4 28. Qd2 Nc6 29. Nf3 Qh5 30. Qxd5 Qh8 31. Ng5 Rcd8 32. Nxf7 Qd4+ 33.
Qxd4 Rxd4 34. Ng5+ Kg7 35. Rxf8 Kxf8 36. Ne6+ Kf7 37. Nxd4+ 1-0

[Event "DVM U14 2012"]
[Site "Magdeburg GER"]
[Date "2012.12.29"]
[Round "6"]
[White "Jusman, Jesse Samuel"]
[Black "Zouani, Samir"]
[Result "0-1"]
[Termination "normal"]
[Board "3.4"]
[WhiteElo "1138"]
[BlackElo "1486"]
[WhiteTeam "SK Gau-Algesheim"]
[BlackTeam "SV Backnang"]
[WhiteFideId "12926043"]
[BlackFideId "12946206"]
[EventCountry "GER"]
[EventRounds "7"]
[EventType "team-swiss"]
[EventDate "2012.12.26"]

1. e4 e5 2. Nf3 Nc6 3. Bc4 Bc5 4. d3 Nf6 5. Nc3 O-O 6. a3 d6 7. Bg5 Be6 8. Bd5
Rb8 9. Qd2 Nd4 10. Nxd4 Bxd4 11. Bxe6 fxe6 12. Be3 Bxe3 13. Qxe3 a6 14. h4 d5
15. Qg5 dxe4 16. Nxe4 Nxe4 17. Qxd8 Rbxd8 18. dxe4 Rd4 19. f3 Rfd8 20. Rc1 Rd2
21. g4 Rg2 22. Rd1 Rxd1+ 23. Kxd1 Rf2 24. h5 Rxf3 25. Ke2 Rf4 26. Rd1 Rxe4+ 27.
Kf3 Rd4 28. Rxd4 exd4 29. Ke4 Kf7 30. Ke5 c5 31. g5 b5 32. Kd6 c4 0-1

[Event "DVM U14 2012"]
[Site "Magdeburg GER"]
[Date "2012.12.29"]
[Round "6"]
[White "Renger, Niklas"]
[Black "Sabirov, Ramil"]
[Result "0-1"]
[Termination "normal"]
[Board "4.1"]
[WhiteElo "1769"]
[BlackElo "1877"]
[WhiteTeam "SG Grün-Weiß Dresden"]
[BlackTeam "SG Porz"]
[WhiteFideId "12908096"]
[BlackFideId "12900303"]
[EventCountry "GER"]
[EventRounds "7"]
[EventType "team-swiss"]
[EventDate "2012.12.26"]

1. e4 c5 2. Nf3 Nc6 3. d4 cxd4 4. Nxd4 Nf6 5. Nc3 Qb6 6. Nb3 e6 7. Bd3 Be7 8.
O-O a6 9. Qe2 d6 10. Kh1 O-O 11. f4 Qc7 12. Bd2 b5 13. Rae1 Nd7 14. a3 Bb7 15.
Rf3 g6 16. Na2 Bf6 17. Bc3 e5 18. fxe5 dxe5 19. Nb4 Nd4 20. Nxd4 exd4 21. Bd2
Bg7 22. Nd5 Bxd5 23. exd5 Nf6 24. d6 Qd7 25. Qf1 Ng4 26. Rf4 Bh6 27. Re7 Qxd6
28. Rxg4 Bxd2 29. Rge4 Bg5 30. R7e5 Bf6 31. Rf5 Bg7 32. Rf2 f5 33. Re1 Be5 34.
g3 Rae8 35. Rfe2 Re7 36. Qf3 Rfe8 37. Qf2 Kg7 38. Qf3 h6 39. Qf2 Qd5+ 40. Kg1
Qa2 41. Kh1 Qd5+ 42. Kg1 Bf6 43. Rxe7+ Rxe7 44. Rxe7+ Bxe7 45. a4 bxa4 46. Bxa6
d3 0-1

[Event "DVM U14 2012"]
[Site "Magdeburg GER"]
[Date "2012.12.29"]
[Round "6"]
[White "Fieberg, Samuel"]
[Black "Sack, Carl-Anton"]
[Result "1-0"]
[Termination "normal"]
[Board "4.2"]
[WhiteElo "1907"]
[BlackElo "1446"]
[WhiteTeam "SG Porz"]
[BlackTeam "SG Grün-Weiß Dresden"]
[WhiteFideId "12901717"]
[BlackFideId "1270309"]
[EventCountry "GER"]
[EventRounds "7"]
[EventType "team-swiss"]
[EventDate "2012.12.26"]

1. e4 c5 2. Nf3 d6 3. d4 cxd4 4. Nxd4 Nf6 5. Nc3 a6 6. Be2 e6 7. O-O Qc7 8. a4
Nc6 9. Be3 Be7 10. f4 O-O 11. Bf3 Bd7 12. Qe1 Rfd8 13. Qf2 Be8 14. Nxc6 bxc6
15. Bb6 Qb7 16. Bxd8 Rxd8 17. b3 d5 18. e5 Nd7 19. Qe2 Bb4 20. Na2 Qb6+ 21. Kh1
a5 22. Nxb4 Qxb4 23. g3 Nb6 24. Qe1 Qc5 25. Qd2 Ra8 26. Qf2 Qxf2 27. Rxf2 c5
28. c4 Rc8 29. cxd5 exd5 30. Rd2 Bc6 31. Rc1 Bb7 32. Rdc2 Nd7 33. Kg1 Kf8 34.
Bg4 Ke7 35. Bxd7 Kxd7 36. Rxc5 Rxc5 37. Rxc5 d4 38. Kf1 d3 39. Ke1 Bf3 40. Rxa5
Kc6 41. b4 Kb6 42. Kd2 Be4 43. Rc5 Bf5 44. a5+ Kb7 45. b5 h6 46. Rc6 g6 47. a6+
Ka7 48. Rc7+ Kb8 49. b6 Ka8 50. Rxf7 1-0

[Event "DVM U14 2012"]
[Site "Magdeburg GER"]
[Date "2012.12.29"]
[Round "6"]
[White "Yang, Daniel"]
[Black "Schuler, Max"]
[Result "1-0"]
[Termination "normal"]
[Board "4.4"]
[WhiteElo "1576"]
[BlackElo "1529"]
[WhiteTeam "SG Porz"]
[BlackTeam "SG Grün-Weiß Dresden"]
[WhiteFideId "12946273"]
[BlackFideId "12964913"]
[EventCountry "GER"]
[EventRounds "7"]
[EventType "team-swiss"]
[EventDate "2012.12.26"]

1. d4 d5 2. Nf3 e6 3. g3 Nf6 4. Bg2 Bd6 5. O-O O-O 6. b3 Nbd7 7. Bb2 b6 8. Nbd2
Bb7 9. c4 c5 10. Qc2 Rc8 11. dxc5 Bxc5 12. Qd3 Qe7 13. Ne5 Nxe5 14. Bxe5 dxc4
15. Nxc4 Bxg2 16. Kxg2 Rfd8 17. Bxf6 Qxf6 18. Qe4 Qd4 19. Qxd4 Rxd4 20. a4 a5
21. Rac1 Rc7 22. Rfd1 Rxd1 23. Rxd1 Kf8 24. Rd8+ Ke7 25. Rb8 Ra7 26. Nxb6 Bxb6
27. Rxb6 Kd7 28. Kf3 Kc7 29. Rb5 Rb7 30. Rxb7+ Kxb7 31. Ke4 Kc6 32. Kd4 Kb6 33.
e4 f6 34. f4 Kc6 35. e5 f5 36. Kc4 h6 37. b4 axb4 38. Kxb4 Kb6 39. a5+ Kc6 40.
a6 g5 41. a7 Kb7 42. Kc5 1-0

[Event "DVM U14 2012"]
[Site "Magdeburg GER"]
[Date "2012.12.29"]
[Round "6"]
[White "Greßmann, Moritz"]
[Black "Scholz, Robert"]
[Result "1-0"]
[Termination "normal"]
[Board "5.1"]
[WhiteElo "1853"]
[BlackElo "1891"]
[WhiteTeam "BSV 63 Chemie Weißensee"]
[BlackTeam "USV TU Dresden"]
[WhiteFideId "24695084"]
[BlackFideId "1270301"]
[EventCountry "GER"]
[EventRounds "7"]
[EventType "team-swiss"]
[EventDate "2012.12.26"]

1. e4 c5 2. Nf3 Nc6 3. d4 cxd4 4. Nxd4 e5 5. Nxc6 bxc6 6. Nc3 Nf6 7. a3 Bc5 8.
Bc4 O-O 9. O-O Bb7 10. Bg5 Qe7 11. Bxf6 gxf6 12. Qg4+ Kh8 13. Rad1 Rad8 14. Rd3
Rg8 15. Qh5 Rg7 16. Rh3 d5 17. Bd3 f5 18. exf5 e4 19. Bxe4 dxe4 20. f6 Qxf6 21.
Qxc5 Rdg8 22. Rg3 Qe6 23. Qxa7 f5 24. Rxg7 Rxg7 25. Qb8+ Bc8 26. Qf4 Rg4 27.
Qe3 Qg6 28. Qd4+ Kg8 29. g3 Be6 30. Qd8+ Kg7 31. Qc7+ Bf7 32. Qe5+ Kg8 33. Rd1
Be8 34. Rd8 Kf8 35. Rxe8+ Qxe8 36. Qxf5+ 1-0

[Event "DVM U14 2012"]
[Site "Magdeburg GER"]
[Date "2012.12.29"]
[Round "6"]
[White "Fuchs, Sebastian"]
[Black "Donath, Johann"]
[Result "0-1"]
[Termination "normal"]
[Board "5.2"]
[WhiteElo "1673"]
[BlackElo "1908"]
[WhiteTeam "USV TU Dresden"]
[BlackTeam "BSV 63 Chemie Weißensee"]
[BlackFideId "24685160"]
[EventCountry "GER"]
[EventRounds "7"]
[EventType "team-swiss"]
[EventDate "2012.12.26"]

1. e4 e5 2. Nf3 Nc6 3. Bb5 a6 4. Ba4 Nf6 5. O-O Be7 6. Re1 b5 7. Bb3 d6 8. c3
Na5 9. Bc2 c5 10. d3 h6 11. Nbd2 O-O 12. Nf1 Re8 13. Ng3 Bf8 14. h3 Nc6 15. Be3
d5 16. exd5 Nxd5 17. d4 exd4 18. cxd4 c4 19. Bd2 Bb7 20. a3 g6 21. Rxe8 Qxe8
22. Ne4 f5 23. Nc3 Qd7 24. Qc1 Kh7 25. Ne5 Nxe5 26. dxe5 Qc6 27. Qf1 Bg7 28. f4
a5 29. Rd1 Nxc3 30. Bxc3 Bf8 31. Kh2 b4 32. axb4 axb4 33. Be1 Ra2 34. Rb1 c3
35. g4 0-1

[Event "DVM U14 2012"]
[Site "Magdeburg GER"]
[Date "2012.12.29"]
[Round "6"]
[White "Koch, Elisabeth"]
[Black "Reiche, Niccolò"]
[Result "1/2-1/2"]
[Termination "normal"]
[Board "5.3"]
[WhiteElo "1690"]
[BlackElo "1671"]
[WhiteTeam "BSV 63 Chemie Weißensee"]
[BlackTeam "USV TU Dresden"]
[WhiteFideId "24695068"]
[BlackFideId "12964778"]
[EventCountry "GER"]
[EventRounds "7"]
[EventType "team-swiss"]
[EventDate "2012.12.26"]

1. e4 e6 2. d4 d5 3. Nd2 Nf6 4. e5 Nfd7 5. f4 c5 6. c3 Nc6 7. Ndf3 Qb6 8. Ne2
Be7 9. g3 O-O 10. Bh3 f5 11. exf6 Nxf6 12. Ng5 Na5 13. O-O h6 14. Nf3 Ne4 15.
Ne5 Bd6 16. Kg2 Bxe5 17. fxe5 Rxf1 18. Qxf1 cxd4 19. cxd4 Bd7 20. Bg4 Nc4 21.
b3 Ncd2 22. Bxd2 Nxd2 23. Qe1 Ne4 24. Nc3 Nxc3 25. Qxc3 Rc8 26. Qd3 Qc6 27. Rf1
Qc2+ 28. Qxc2 Rxc2+ 29. Rf2 Rc6 30. Bh5 Rc8 31. Bg6 Be8 32. Rc2 Rxc2+ 33. Bxc2
g5 34. Kf3 Kg7 35. Ke3 Bg6 36. Kd2 b5 37. Bxg6 Kxg6 38. Kc3 a5 39. g4 h5 40. h3
Kf7 41. Kc2 Ke7 42. b4 a4 1/2-1/2

[Event "DVM U14 2012"]
[Site "Magdeburg GER"]
[Date "2012.12.29"]
[Round "6"]
[White "Schamschurko, André"]
[Black "Fabiunke, Jakob"]
[Result "1-0"]
[Termination "normal"]
[Board "5.4"]
[WhiteElo "1720"]
[BlackElo "1491"]
[WhiteTeam "USV TU Dresden"]
[BlackTeam "BSV 63 Chemie Weißensee"]
[WhiteFideId "24695670"]
[BlackFideId "24686085"]
[EventCountry "GER"]
[EventRounds "7"]
[EventType "team-swiss"]
[EventDate "2012.12.26"]

1. e4 e5 2. Nf3 Nc6 3. Bc4 Bc5 4. c3 Nf6 5. d3 d6 6. h3 h6 7. Bb3 O-O 8. Nbd2
a6 9. Nf1 Nh5 10. Be3 Ba7 11. Bxa7 Rxa7 12. d4 exd4 13. cxd4 Nf4 14. Ne3 Re8
15. Bc2 Qf6 16. Qd2 Nxg2+ 17. Kf1 Qxf3 18. Nxg2 Bxh3 19. Rg1 Raa8 20. Re1 Bxg2+
21. Rxg2 Qh3 22. Re3 Qh4 23. Reg3 g5 24. Kg1 Kf8 25. Rg4 Qh5 26. f3 Ke7 27. e5
f6 28. exf6+ Kxf6 29. Rh2 1-0

[Event "DVM U14 2012"]
[Site "Magdeburg GER"]
[Date "2012.12.29"]
[Round "6"]
[White "Bilchinski, Anton"]
[Black "Bingert, Tim Niklas"]
[Result "1/2-1/2"]
[Termination "normal"]
[Board "6.1"]
[WhiteElo "1912"]
[BlackElo "1973"]
[WhiteTeam "SK 1908 Göggingen"]
[BlackTeam "SK Langen"]
[WhiteFideId "24615765"]
[BlackFideId "12917907"]
[EventCountry "GER"]
[EventRounds "7"]
[EventType "team-swiss"]
[EventDate "2012.12.26"]

1. d4 d5 2. c4 e6 3. Nf3 Nf6 4. Nc3 Be7 5. Bg5 h6 6. Bh4 O-O 7. e3 b6 8. Be2
Bb7 9. O-O Nbd7 10. Rc1 c5 11. cxd5 exd5 12. Qb3 c4 13. Qc2 a6 14. Qf5 b5 15.
Ne5 Nxe5 16. dxe5 Nd7 17. Bxe7 Qxe7 18. Rfd1 Nxe5 19. Nxd5 Bxd5 20. Rxd5 f6 21.
g3 1/2-1/2

[Event "DVM U14 2012"]
[Site "Magdeburg GER"]
[Date "2012.12.29"]
[Round "6"]
[White "Berkes, Alexander"]
[Black "Reimann, Sebastian"]
[Result "1-0"]
[Termination "normal"]
[Board "6.2"]
[WhiteElo "1834"]
[BlackElo "1625"]
[WhiteTeam "SK Langen"]
[BlackTeam "SK 1908 Göggingen"]
[WhiteFideId "12901636"]
[BlackFideId "12928054"]
[EventCountry "GER"]
[EventRounds "7"]
[EventType "team-swiss"]
[EventDate "2012.12.26"]

1. e4 e5 2. Nf3 Nc6 3. d4 exd4 4. Nxd4 Bc5 5. Be3 Qf6 6. Nb5 Bxe3 7. fxe3 Qh4+
8. g3 Qxe4 9. Nxc7+ Kd8 10. Nxa8 Qxh1 11. Nc3 Nge7 12. Qe2 Ne5 13. O-O-O Qf3
14. Qd2 Qf6 15. Ne4 Qe6 16. Qa5+ b6 17. Qxa7 Nd5 18. Ng5 Qc6 19. Bg2 Qh6 20.
Rxd5 Qxg5 21. Qc7+ 1-0

[Event "DVM U14 2012"]
[Site "Magdeburg GER"]
[Date "2012.12.29"]
[Round "6"]
[White "Reimann, Matthias"]
[Black "Özdemir, Ali Özden"]
[Result "1/2-1/2"]
[Termination "normal"]
[Board "6.3"]
[WhiteElo "1607"]
[BlackElo "1848"]
[WhiteTeam "SK 1908 Göggingen"]
[BlackTeam "SK Langen"]
[WhiteFideId "12928046"]
[BlackFideId "12952745"]
[EventCountry "GER"]
[EventRounds "7"]
[EventType "team-swiss"]
[EventDate "2012.12.26"]

1. c4 Nf6 2. Nc3 g6 3. Nf3 Bg7 4. d4 O-O 5. e4 d6 6. g3 Nbd7 7. Bg2 e5 8. d5
Nc5 9. Qe2 a5 10. O-O Nfd7 11. Nh4 Re8 12. Be3 Nb6 13. Bxc5 dxc5 14. Rad1 f5
15. exf5 gxf5 16. Nb1 Qd6 17. Nd2 Bd7 18. Qh5 Rf8 19. Qg5 a4 20. Rfe1 Qh6 21.
Qxh6 Bxh6 22. Bf1 Rae8 23. f3 Rf7 24. Bd3 Nc8 25. b3 axb3 26. axb3 Nd6 27. Nb1
Bg7 28. Ng2 Ra8 29. Nd2 Ra2 30. Ne3 Re7 31. Bb1 Ra8 32. Bc2 Kf7 33. Kf1 Bh6 34.
Ke2 Bg7 1/2-1/2

[Event "DVM U14 2012"]
[Site "Magdeburg GER"]
[Date "2012.12.29"]
[Round "6"]
[White "Reidl, Jorit"]
[Black "Artz, Tobias"]
[Result "1/2-1/2"]
[Termination "normal"]
[Board "6.4"]
[WhiteElo "1058"]
[BlackElo "1375"]
[WhiteTeam "SK Langen"]
[BlackTeam "SK 1908 Göggingen"]
[WhiteFideId "12964760"]
[BlackFideId "12928127"]
[EventCountry "GER"]
[EventRounds "7"]
[EventType "team-swiss"]
[EventDate "2012.12.26"]

1. Nf3 Nf6 2. g3 Nc6 3. Bg2 e5 4. O-O Bc5 5. d3 d6 6. h3 Be6 7. e4 Bb6 8. Nc3
Qd7 9. Kh2 Ke7 10. Nh4 Rag8 11. f4 exf4 12. gxf4 g5 13. fxg5 Ne8 14. Nf5+ Bxf5
15. exf5 Kd8 16. f6 Nd4 17. h4 h6 18. Bh3 Qc6 19. Qg4 Ne6 20. Bd2 hxg5 21. Bxg5
Bd4 22. Qf5 Be5+ 23. Kg1 Bd4+ 24. Kh2 1/2-1/2